La minificción en Colombia : antología /
Esta antología que reune algunos de los minicuentos colombianos más representativos.
Furkejuvvon:
| Váldodahkki: | |
|---|---|
| Materiálatiipa: | Girji |
| Giella: | espánnjágiella |
| Almmustuhtton: |
Bogotá, Colombia :
Universidad Pedagógica Nacional,
2002, c2002
|
| Ráidu: | (Avellana)
|
| Fáttát: | |
| Fáddágilkorat: |
Eai fáddágilkorat, Lasit vuosttaš fáddágilkora!
|
MARC
| LEADER | 00000nam^a2200000^a^4500 | ||
|---|---|---|---|
| 001 | 000163658 | ||
| 005 | 20250703000000.0 | ||
| 009 | 20260310100915.252 | ||
| 020 | |a 958-9097-84-7 | ||
| 037 | |a Acervo ITESO - Biblioteca | ||
| 041 | |a ESP | ||
| 082 | |a 863. |b GON | ||
| 100 | |a González Martínez, Henry |e (selección) | ||
| 245 | 1 | 3 | |a La minificción en Colombia : |b antología / |c Selec. y bibliog. de H. González Martínez. |
| 264 | 4 | |a Bogotá, Colombia : |b Universidad Pedagógica Nacional, |c 2002, c2002 | |
| 300 | |a 97 p. | ||
| 336 | |a texto |b txt |2 rdacontenido | ||
| 337 | |a sin mediación |b n |2 rdamedio | ||
| 338 | |a volumen |b nc |2 rdasoporte | ||
| 440 | 1 | |a (Avellana) | |
| 520 | |a Esta antología que reune algunos de los minicuentos colombianos más representativos. | ||
| 649 | |a XX | ||
| 650 | |a Escritores Colombianos | ||
| 650 | |a Cuentos Colombianos | ||
| 650 | |a Cuentos Colombianos - |x Historia y Crítica | ||
| 650 | |a Literatura Colombiana - |y Siglo XX | ||
| 650 | |a Cuentos Colombianos - |x Historia y Crítica | ||
| 650 | |a Vidales, Luis | ||
| 650 | |a Zalamea, Jorge | ||
| 650 | |a Mutis, Alvaro | ||
| 650 | |a Cepeda Samudio, Alvaro | ||
| 650 | |a Arango, Gonzálo | ||
| 650 | |a Román, Celso | ||
| 650 | |a Caicedo, Andrés | ||
| 650 | |a Santamaría, Germán | ||
| 650 | |a Elías Flórez, Andrés | ||
| 650 | |a Mejía Vallejo, Manuel | ||
| 650 | |a Tafur, Javier | ||
| 650 | |a Botero, Juan Carlos | ||
| 650 | |a Fayad, Luis | ||
| 650 | |a Moyano, Juan Carlos | ||
| 650 | |a Suárez, Carmen Cecilia | ||
| 650 | |a Niño, Jairo Anibal | ||
| 650 | |a Aguilera Garramuño, Marco Tulio | ||
| 650 | |a Ayala Poveda, Fernando | ||
| 650 | |a Suescún, Nicolás | ||
| 650 | |a Torres, Juan Federico | ||
| 650 | |a Ramírez, Carlos Arturo | ||
| 650 | |a Sánchez Juliao, David | ||
| 650 | |a Kremer, Harold | ||
| 650 | |a Bustamante, Guillermo | ||
| 650 | |a Rodríguez, Nana | ||
| 650 | |a Mora, Jorge Rafael | ||
| 650 | |a Hoyos Olier, Enrique | ||
| 650 | |a Arciniegas, Triunfo | ||
| 650 | |a Pabón, Gabriel | ||
| 650 | |a Obregón, Elkin | ||
| 910 | |a Fondo General | ||
| 920 | |a Impresos - Libros | ||
| 930 | |a Colección General | ||
| 940 | |a Literatura | ||
| 905 | |a 101 | ||
| 901 | |a 0500097880 |b IT1 |c LIT |u 20250521 | ||
| 902 | |a https://opac.biblio.iteso.mx/vufind/Record/000163658 | ||